000 00768nam a22002537a 4500
001 75875
003 UA-OsUOA
005 20201122215839.0
007 ta
008 20110606b un ||||| |||| 00| 0 ukr d
020 _a966-01-0320-4
040 _aUA-OsUOA
_bukr
_cUA-OsUOA
_dUA-OsUOA
041 _aukr
080 _a821.161.2
090 _a821.161.2
_bД43
100 _aДзюба І.
245 _aУкраїна у пошуках нової ідентичності
_bстатті, виступи
260 _aК.
_bУкраїна
_c2006
300 _a848 с.
650 7 _a82 Література. Літературознавство
_2UDC
942 _cBK
_2udc
955 _a2
999 _c362168
_d362168